| 000 | 01134nam a2200241 u 4500 | ||
|---|---|---|---|
| 001 | 000385317 | ||
| 003 | AM-YeHGA | ||
| 005 | 20250618072324.0 | ||
| 008 | 040127s1984 ai r 000 0 arm d | ||
| 040 | _aAM-YeHGA | ||
| 041 | 0 | _aarm | |
| 245 | 0 | 0 |
_aՄինաս Ավետիսյան = _bМинас Аветисян: ՀՍՍՀ վաստակավոր նկարիչ: Ցուցահանդեսի կատալոգ / _cԿազմ.՝ Գ. Խոստիկյան; Հայաստանի նկարիչների միություն, Հայաստանի նկարչի տուն. |
| 246 | 3 | 1 |
_aМинас Аветисян : _bЗаслуженный художник Армянской ССР |
| 260 |
_aԵրևան : _bԱ. հ., _c1984. |
||
| 300 |
_a98 էջ : _bնկ. ; _c26 սմ. |
||
| 546 | _aԶուգահեռ տեքստը՝ ռուս. | ||
| 600 | 1 | 4 |
_aԱվետիսյան, Մինաս Կարապետի, _d1928-1975 _92477 |
| 650 | 1 | 4 | _aԳեղանկարչություն |
| 700 | 1 |
_aԽոստիկյան, Գ. _eկազմ. _4com |
|
| 710 | 2 | _aՀայաստանի նկարիչների միություն | |
| 710 | 2 | _aՀայաստանի նկարչի տուն | |
| 090 | _c148134 | ||
| 999 |
_c146747 _d146747 |
||